Loreto College Library, Kolkata
WEBOPAC (ONLINE PUBLIC ACCESS CATALOGUE)

Political theory (Record no. 305)

MARC details
000 -LEADER
fixed length control field 00574nam a2200229Ia 4500
005 - DATE AND TIME OF LATEST TRANSACTION
control field 20210907132954.0
008 - FIXED-LENGTH DATA ELEMENTS--GENERAL INFORMATION
fixed length control field 131103s9999 xx 000 0 und d
020 ## - ISBN | অাই এস বি এন
ISBN | অাই এস বি এন 81-7156-808-4
PRICE Rs. 350
040 ## - CATALOGING SOURCE
Original cataloging agency Loreto College
041 ## - LANGUAGE CODE
Language code English
082 ## - DDC | ডিউই
Classification number | বর্গসংখ্যা 320
Book Number | গ্রন্থাঙ্ক JAY
100 ## - MAIN ENTRY--PERSONAL NAME | মুখ্য সংলেখ - ব্যাক্তিনাম
Personal name | ব্যাক্তিনাম Jayapalan, N.
245 ## - TITLE STATEMENT | অাখ্যা বিবরণী
Title | অাখ্যা Political theory
Statement of responsibility | লেখকের দায়িত্বের বিবরণ N. Jayapalan
260 ## - IMPRINT | প্রকাশনা ক্ষেত্র
Place of publication | প্রকাশ স্থান New Delhi
Name of publisher | প্রকাশকের নাম Atlantic Publishers
Date of publication | প্রকাশ কাল c1999
300 ## - PHYSICAL DESCRIPTION |
Page / Vol. No | পৃষ্ঠা / খন্ড সংখ্যা v,200 p.
504 ## - BIBLIOGRAPHY, ETC. NOTE
Bibliography, etc Includes index
630 ## - SUBJECT ADDED ENTRY--UNIFORM TITLE
Uniform title Political Theory
650 ## - SUBJECT ADDED ENTRY--TOPICAL TERM | বিষয় শিরোনাম - মূল বিষয়
Topical term | মূল বিষয় Poliical Science
651 ## - SUBJECT ADDED ENTRY--GEOGRAPHIC NAME | বিষয় শিরোনাম - ভৌগলিক নাম
Geographic name | ভৌগলিক বিষয় Politics
850 ## - HOLDING INSTITUTION
Holding institution LCLIB
942 ## - ADDED ENTRY ELEMENTS (KOHA)
Koha item type Books
Holdings
Withdrawn status Lost status Source of classification Damaged status Not for loan Home library Current library Date acquired Total Checkouts Full call number Accession No. Date last seen Date checked out Price effective from Koha item type
    Dewey Decimal Classification     Loreto College Loreto College 04/11/2013 1 320 JAY 41791 B17407 16/02/2015 09/02/2015 04/11/2013 Books
    Dewey Decimal Classification     Loreto College Loreto College 04/11/2013 4 320 JAY 41457 B314 17/12/2024 11/12/2024 04/11/2013 Books